[Event "Warsaw Najdorf Memorial op-B"]
[Site "Warsaw"]
[Date "2021.07.11"]
[Round "2"]
[White "Rutkowski, Piotr1111"]
[Black "Olcha, Dominik"]
[Result "1-0"]
[WhiteElo "1688"]
[BlackElo "1394"]
[PlyCount "123"]
[EventDate "2021.07.10"]
[EventType "swiss"]
[EventRounds "9"]
[EventCountry "POL"]
[SourceTitle "EXT 2022"]
[Source "ChessBase"]
[SourceDate "2021.10.06"]
[SourceVersion "1"]
[SourceVersionDate "2021.10.06"]
[SourceQuality "1"]

1. e4 e5 2. Nf3 Nc6 3. Bc4 Nf6 4. d3 Be7 5. 0-0 d6 6. c3 0-0 7. Re1 Na5 8. Bb5 a6 9. Ba4 b5 10. Bc2 c5 11. a4 Re8 12. axb5 c4 13. dxc4 Nxc4 14. Qe2 Nb6 15. Be3 Ng4 16. Bd2 axb5 17. Rxa8 Nxa8 18. h3 Nf6 19. Qxb5 Qb6 20. Na3 Qxb5 21. Nxb5 Ba6 22. Na7 Bb7 23. b4 Nb6 24. Bd3 Ra8 25. Nb5 Ba6 26. Be3 Nfd7 27. Ra1 Bd8 28. Bf1 Bxb5 29. Rxa8 Nxa8 30. Bxb5 Nf6 31. Bc6 Nc7 32. b5 Nxb5 33. Bxb5 Nxe4 34. c4 f5 35. Bc6 Nf6 36. Kf1 h6 37. Bd2 Kf7 38. Bb4 Ke6 39. Ke2 Bb6 40. Nd2 g5 41. Nb1 h5 42. Nc3 g4 43. Nd5 Nxd5 44. Bxd5+ Ke7 45. f3 g3 46. Kd3 h4 47. Kc3 Be3 48. Kb3 Bd4 49. Ka4 e4 50. fxe4 f4 51. e5 Bxe5 52. Kb5 Ke8 53. Kc6 Ke7 54. Bf3 Ke6 55. Be4 Ke7 56. Bd5 f3 57. Bxf3 Bf4 58. Kd5 Kd7 59. Ke4 Bg5 60. Kf5 Be7 61. Bd5 Bf8 62. Bd2 1-0